<?xml version="1.0" encoding="UTF-8"?>
<record
    xmlns:xsi="http://www.w3.org/2001/XMLSchema-instance"
    xsi:schemaLocation="http://www.loc.gov/MARC21/slim http://www.loc.gov/standards/marcxml/schema/MARC21slim.xsd"
    xmlns="http://www.loc.gov/MARC21/slim">

  <leader>00789nam a22002297a 4500</leader>
  <controlfield tag="005">20170320104039.0</controlfield>
  <datafield tag="010" ind1=" " ind2=" ">
    <subfield code="a">1617EN ENG-117112</subfield>
  </datafield>
  <datafield tag="020" ind1=" " ind2=" ">
    <subfield code="a">9781138695634</subfield>
    <subfield code="c">1995.00</subfield>
  </datafield>
  <datafield tag="035" ind1=" " ind2=" ">
    <subfield code="a">B-649825-828</subfield>
  </datafield>
  <datafield tag="035" ind1=" " ind2=" ">
    <subfield code="a">EN-100644</subfield>
  </datafield>
  <datafield tag="037" ind1=" " ind2=" ">
    <subfield code="a">DPL</subfield>
    <subfield code="b">UPPAL</subfield>
  </datafield>
  <datafield tag="037" ind1=" " ind2=" ">
    <subfield code="b">DBAD/PUB</subfield>
  </datafield>
  <datafield tag="082" ind1=" " ind2=" ">
    <subfield code="a">801.95</subfield>
  </datafield>
  <datafield tag="245" ind1=" " ind2=" ">
    <subfield code="a">20th(Twentyth) century literary criticism:</subfield>
    <subfield code="c">ed by David Lodge</subfield>
    <subfield code="b">a reader /</subfield>
  </datafield>
  <datafield tag="260" ind1=" " ind2=" ">
    <subfield code="a">New York</subfield>
    <subfield code="b">Routledge</subfield>
    <subfield code="c">2016</subfield>
  </datafield>
  <datafield tag="270" ind1=" " ind2=" ">
    <subfield code="a">711 third avenue</subfield>
    <subfield code="b">New York</subfield>
    <subfield code="e">NY 10017</subfield>
  </datafield>
  <datafield tag="300" ind1=" " ind2=" ">
    <subfield code="a">xx,683p.</subfield>
    <subfield code="c">25cm(pbk)</subfield>
  </datafield>
  <datafield tag="500" ind1=" " ind2=" ">
    <subfield code="a">inculds index</subfield>
  </datafield>
  <datafield tag="700" ind1=" " ind2=" ">
    <subfield code="a">Lodge, David </subfield>
  </datafield>
  <datafield tag="942" ind1=" " ind2=" ">
    <subfield code="2">ddc</subfield>
    <subfield code="c">EN</subfield>
    <subfield code="h">801.95</subfield>
    <subfield code="m">TWN</subfield>
  </datafield>
  <datafield tag="999" ind1=" " ind2=" ">
    <subfield code="c">102151</subfield>
    <subfield code="d">102151</subfield>
  </datafield>
  <datafield tag="952" ind1=" " ind2=" ">
    <subfield code="0">0</subfield>
    <subfield code="1">0</subfield>
    <subfield code="4">0</subfield>
    <subfield code="7">1</subfield>
    <subfield code="8">NFIC</subfield>
    <subfield code="a">DBAD</subfield>
    <subfield code="b">BN</subfield>
    <subfield code="d">2017-01-18</subfield>
    <subfield code="e">DBAD/PUB</subfield>
    <subfield code="g">1995.00</subfield>
    <subfield code="l">0</subfield>
    <subfield code="o">801.95 TWE</subfield>
    <subfield code="p">EN-100644</subfield>
    <subfield code="r">2017-01-18 00:00:00</subfield>
    <subfield code="t">1</subfield>
    <subfield code="v">1995.00</subfield>
    <subfield code="y">EN</subfield>
  </datafield>
  <datafield tag="952" ind1=" " ind2=" ">
    <subfield code="0">0</subfield>
    <subfield code="1">0</subfield>
    <subfield code="4">0</subfield>
    <subfield code="7">0</subfield>
    <subfield code="8">NFIC</subfield>
    <subfield code="a">L</subfield>
    <subfield code="b">L</subfield>
    <subfield code="d">2017-03-20</subfield>
    <subfield code="e">BPPD/EN/2016-17/307/24.11.2016/13891/5.12.2016/2.1.2017</subfield>
    <subfield code="g">1995.00</subfield>
    <subfield code="l">13</subfield>
    <subfield code="m">7</subfield>
    <subfield code="o">801.95 TWN</subfield>
    <subfield code="p">B-649825</subfield>
    <subfield code="r">2024-06-21 00:00:00</subfield>
    <subfield code="s">2024-04-26</subfield>
    <subfield code="t">1</subfield>
    <subfield code="v">1995.00</subfield>
    <subfield code="y">EN</subfield>
  </datafield>
  <datafield tag="952" ind1=" " ind2=" ">
    <subfield code="0">0</subfield>
    <subfield code="1">0</subfield>
    <subfield code="4">0</subfield>
    <subfield code="7">0</subfield>
    <subfield code="8">NFIC</subfield>
    <subfield code="a">NPL</subfield>
    <subfield code="b">NPL</subfield>
    <subfield code="d">2017-03-20</subfield>
    <subfield code="e">BPPD/EN/2016-17/307/24.11.2016/13891/5.12.2016/2.1.2017</subfield>
    <subfield code="g">1995.00</subfield>
    <subfield code="l">0</subfield>
    <subfield code="o">801.95 TWN</subfield>
    <subfield code="p">B-649826</subfield>
    <subfield code="r">2017-03-20 00:00:00</subfield>
    <subfield code="t">1</subfield>
    <subfield code="v">1995.00</subfield>
    <subfield code="y">EN</subfield>
  </datafield>
  <datafield tag="952" ind1=" " ind2=" ">
    <subfield code="0">0</subfield>
    <subfield code="1">0</subfield>
    <subfield code="4">0</subfield>
    <subfield code="7">0</subfield>
    <subfield code="8">NFIC</subfield>
    <subfield code="a">BL1</subfield>
    <subfield code="b">BL1</subfield>
    <subfield code="d">2017-03-20</subfield>
    <subfield code="e">BPPD/EN/2016-17/307/24.11.2016/13891/5.12.2016/2.1.2017</subfield>
    <subfield code="g">1995.00</subfield>
    <subfield code="l">5</subfield>
    <subfield code="m">7</subfield>
    <subfield code="o">801.95 TWN</subfield>
    <subfield code="p">B-649827</subfield>
    <subfield code="r">2025-07-30 00:00:00</subfield>
    <subfield code="s">2025-06-20</subfield>
    <subfield code="t">1</subfield>
    <subfield code="v">1995.00</subfield>
    <subfield code="y">EN</subfield>
  </datafield>
  <datafield tag="952" ind1=" " ind2=" ">
    <subfield code="0">0</subfield>
    <subfield code="1">0</subfield>
    <subfield code="4">0</subfield>
    <subfield code="7">0</subfield>
    <subfield code="8">NFIC</subfield>
    <subfield code="a">JP</subfield>
    <subfield code="b">JP</subfield>
    <subfield code="d">2017-03-20</subfield>
    <subfield code="e">BPPD/EN/2016-17/307/24.11.2016/13891/5.12.2016/2.1.2017</subfield>
    <subfield code="g">1995.00</subfield>
    <subfield code="l">6</subfield>
    <subfield code="m">3</subfield>
    <subfield code="o">801.95 TWN</subfield>
    <subfield code="p">B-649828</subfield>
    <subfield code="r">2024-04-19 00:00:00</subfield>
    <subfield code="s">2024-03-09</subfield>
    <subfield code="t">1</subfield>
    <subfield code="v">1995.00</subfield>
    <subfield code="y">EN</subfield>
  </datafield>
</record>
